| Tag |
First Indicator |
Second Indicator |
Subfields |
| LEADER |
00000cam a2200000 i 4500 |
| 001 |
in00000046056 |
| 005 |
20151007065309.0 |
| 008 |
751211s1968 txua b 00000 eng d |
| 035 |
|
|
|a (OCoLC)01892017
|
| 035 |
|
|
|9 AAE1707AM
|
| 040 |
|
|
|a IEA
|c IEA
|d TXA
|d UtOrBLW
|
| 049 |
|
|
|a TXAM
|c 1 [1557258], 2 [1115322], 3 [1115323]
|
| 090 |
|
|
|a HD1773.A6
|b M374
|
| 245 |
0 |
0 |
|a Market power for agriculture in the Southwest /
|c edited by Marshall R. Godwin and Lonnie L. Jones.
|
| 264 |
|
1 |
|a College Station :
|b Texas A&M University Press,
|c 1968.
|
| 300 |
|
|
|a 113 pages :
|b illustrations ;
|c 24 cm.
|
| 336 |
|
|
|a text
|b txt
|2 rdacontent
|
| 337 |
|
|
|a unmediated
|b n
|2 rdamedia
|
| 338 |
|
|
|a volume
|b nc
|2 rdacarrier
|
| 500 |
|
|
|a "A series of papers developed from a conference held February 21-23, 1968 by Texas A & M University ... ."
|
| 504 |
|
|
|a Includes bibliographical references.
|
| 650 |
|
0 |
|a Agriculture
|x Economic aspects
|z Southwest, New.
|
| 650 |
|
0 |
|a Farm produce
|x Marketing.
|
| 700 |
1 |
|
|a Godwin, Marshall R.
|
| 700 |
1 |
|
|a Jones, Lonnie L.
|
| 710 |
2 |
|
|a Texas A & M University.
|
| 999 |
|
|
|a MARS
|
| 999 |
f |
f |
|s 07b0bddd-3566-36a1-972f-a85c7a507ab7
|i 62debfdd-fa5e-3dc4-b734-01efa2e52822
|t 0
|
| 952 |
f |
f |
|p ric
|a Texas A&M University
|b Rellis Campus
|c Joint Library Facility
|s JLF
|d Remote Storage
|t 0
|e HD1773.A6 M374
|h Library of Congress classification
|i unmediated -- volume
|m A14802661922
|
| 952 |
f |
f |
|p noncirc
|a Texas A&M University
|b College Station
|c Cushing Memorial Library & Archives
|s cush pres
|d Cushing: Texas A&M Press (Does not check out)
|t 0
|e HD1773.A6 M374
|h Library of Congress classification
|i unmediated -- volume
|
| 998 |
f |
f |
|a HD1773.A6 M374
|t 0
|l Remote Storage
|
| 998 |
f |
f |
|a HD1773.A6 M374
|t 0
|l Cushing: Texas A&M Press (Does not check out)
|